ბათუმის შოთა რუსთაველის სახელმწიფო უნივერსიტეტის ბიბლიოთეკა

Медико- генетическое консультирование и пренательная диагростика врожденных и наследственных заболеваний. (ბიბ.ჩანაწერი № 35018)

000 -LEADER
fixed length control field 00819nam a2200205Ia 4500
001 - CONTROL NUMBER
control field 857
003 - CONTROL NUMBER IDENTIFIER
control field GE_BSU
008 - FIXED-LENGTH DATA ELEMENTS--GENERAL INFORMATION
fixed length control field 181216s||||||||xx |||||||||||||| ||und||
020 ## - INTERNATIONAL STANDARD BOOK NUMBER
International Standard Book Number 9785978300017
040 ## - CATALOGING SOURCE
Transcribing agency GE_BSU
080 ## - UNIVERSAL DECIMAL CLASSIFICATION NUMBER
Universal Decimal Classification number 61-053.1(075.8):575.191(075.8)
100 ## - MAIN ENTRY--PERSONAL NAME
Personal name Боровкова,Л.В; Воскресенская,С.В; Удалова,О.В;
245 ## - TITLE STATEMENT
Title Медико- генетическое консультирование и пренательная диагростика врожденных и наследственных заболеваний.
260 ## - PUBLICATION, DISTRIBUTION, ETC.
Place of publication, distribution, etc. Новгород
260 ## - PUBLICATION, DISTRIBUTION, ETC.
Date of publication, distribution, etc. 2007
300 ## - PHYSICAL DESCRIPTION
Extent 56 с.
653 ## - INDEX TERM--UNCONTROLLED
Uncontrolled term Медико- генетическое консультирование и пренательная диагностика.
942 ## - ADDED ENTRY ELEMENTS (KOHA)
Koha item type წიგნი
ეგზემპლარები
Withdrawn status Lost status Damaged status Not for loan Date acquired Barcode Date last seen Price effective from Koha item type Public note
        2018-12-17 2427 2018-12-17 2018-12-17 წიგნი დარბაზი